Deutscher Promi-Gossip nach Jahr (seit 2010) - Statistiken

Allgemein
  • Dieses Quiz wurde 234 mal gespielt
  • Das Durchschnittsergebnis liegt bei 10 aus 15
Antwortstatistiken
Jahr Klatsch Promi % Korrekt
2024 Moderator und Entertainer, der nach fast 9 Jahren Abwesenheit wieder ins deutsche Fernsehen zurückkehrte Stefan Raab
93%
2016 Sängerin, die sich von ihrem Mann Pietro trennte Sarah Engels
86%
2013 Formel-1-Fahrer, der bei einem Skiunfall schwer verunglückte Michael Schumacher
82%
2023 Sänger, dem vorgeworfen wurde, Frauen auf speziellen Aftershow-Partys sexuell zu missbrauchen Til Lindemann
80%
2020 It-Girl, das den 28 Jahre älteren Sänger Michael Wendler heiratete Laura Müller
78%
2019 YouTuber, dessen Video "Die Zerstörung der CDU" im Vorfeld der Europawahl politisch viel diskutiert wurde. Rezo
77%
2014 Fußballfunktionär, der wegen Steuerhinterziehung verhaftet wurde Uli Hoeneß
64%
2012 Er wurde der neue Moderator von "Wetten, dass...?" Markus Lanz
63%
2017 YouTuberin, die in diesem Jahr Mitglied der Jury von DSDS war Shirin David
63%
2011 Die Verleihung des Integrations-Bambi an diesen Rapper löste viel Empörung aus Bushido
62%
2015 Satiriker, der behauptete, ein Video, in dem der griechische Finanzminister Yanis Varoufakis Deutschland den Stinkefinger zeigt, gefälscht zu haben Jan Böhmermann
60%
2021 Sänger, der fälschlich behauptete, ein Hotelmitarbeiter hätte sich ihm gegenüber antisemitisch geäußert Gil Ofarim
56%
2018 Durch DSDS bekannt gewordener Sänger, der in der kanadischen Labradorsee verscholl Daniel Küblböck
53%
2022 Influencer, dem vorgeworfen wurde, währender der COVID-19-Pandemie bei dem Verkauf von Alltagsmasken betrogen zu haben Fynn Kliemann
41%
2010 Schauspielerin, die die Scheidung von ihrem Mann Jesse James einreichte, nachdem dessen außereheliche Affären bekannt wurden Sandra Bullock
18%
Keine übereinstimmenden Quizze gefunden
Verteilung der Resultate
Anzahl Personen mit jedem Resultat
Perzentil nach korrekt beantworteten Fragen
Ihre Resultats-Entwicklung
Sie haben dieses Quiz noch nicht gespielt